|
|
|
|
| LEADER |
01298nab#a2200373#ar4500 |
| 001 |
000074716 |
| 003 |
SVKKK |
| 005 |
20120531131636.0 |
| 008 |
080512d1917 xo |||||||||||||||b|hun |
| FMT |
|
|
|
| 038 |
|
|
|a SVKKK
|
| 040 |
|
|
|a SVKKK
|b slo
|e AACR2
|
| 041 |
0 |
|
|a hun
|
| 044 |
|
|
|a xo
|c SK
|
| 080 |
|
|
|a 353
|2 1997
|
| 080 |
|
|
|a 392
|2 1997
|
| 080 |
|
|
|a 929 Széchényi, Juraj
|2 1997
|
| 242 |
1 |
0 |
|a Svadba nášho hlavného župana-
|y slo
|
| 245 |
1 |
0 |
|a A főispánunk esküvője-
|
| 500 |
|
|
|a mikrofilm
|
| 520 |
2 |
|
|a Správa o sobáši hlavného župana Zemplínskej župy Juraja Széchényiho v Budapesti dňa 10. decembra 1917
|
| 600 |
0 |
1 |
|a Széchényi, Juraj
|d 1889-1938
|x gróf, úradník župný
|z Lábod (Maďarsko)
|x rodák
|z Košice (Slovensko), Mníchov (Nemecko)
|x štúdium
|z Sátoraljaújhely (Maďarsko)
|x pôsobenie
|
| 600 |
0 |
1 |
|a Ziči, Anastázia, Augusta, Hedviga, Mária
|d 1891-1969
|x grófka
|z Beltinci (Slovisnko)
|x rodáčka
|
| 650 |
0 |
4 |
|a svadba
|z Budapešť (Maďarsko)
|y 10.12.1907
|
| 773 |
0 |
|
|t Felvidéki Hirlap
|g Roč. 11, č. 22 (15.12.1917) s. 3
|
| 957 |
|
|
|a Budapest (HU)
|
| 957 |
|
|
|a Zemplín
|
| 958 |
|
|
|a DG
|
| 958 |
|
|
|a HU
|
| 974 |
|
|
|a Ba
|
| 992 |
|
|
|a RBX
|
| 997 |
|
|
|a Zichy, Anastazia p. Széchényi, Istvánné p. Ziči, Anastázia
|
| BAS |
|
|
|
| 998 |
|
|
|a RETRO
|